[Event "18th Unive Open 2014"]
[Site "Hoogeveen NED"]
[Date "2014.10.15"]
[Round "6.3"]
[White "Ernst, Sipke"]
[Black "Roiz, Michael"]
[Result "0-1"]
[WhiteTitle "GM"]
[BlackTitle "GM"]
[WhiteElo "2555"]
[BlackElo "2585"]
[WhiteFideId "1004689"]
[BlackFideId "2804158"]
[EventDate "2014.10.11"]

1. d4 Nf6 2. c4 e6 3. Nf3 d5 4. e3 Be7 5. b3 O-O 6. Bb2 c5 7. cxd5 Nxd5 8. dxc5
Nd7 9. c6 bxc6 10. Be2 a5 11. Nbd2 a4 12. a3 axb3 13. Nxb3 Ba6 14. Bxa6 Rxa6 15.
O-O Qa8 16. Qc2 Rc8 17. e4 N5b6 18. Ne5 Nxe5 19. Bxe5 Rxa3 20. Nc5 Qa5 21. Rxa3
Qxa3 22. Nd3 Qa4 23. Qxa4 Nxa4 24. Ra1 Nb6 25. Ra6 Nc4 26. Ra4 Nb6 27. Ra6 Nc4
28. Ra4 Nxe5 29. Nxe5 c5 30. Kf1 Bf6 31. Nc4 Bd4 32. Nd2 Rb8 33. Ke2 g5 34. Ra2
Rb4 35. Rc2 Kg7 36. g3 g4 37. Nc4 Kf6 0-1